00000000nam 2200000zi 4500
0019.951608
003CaOODSP
00520250814123453
006m     o  d f      
007cr cn|||||||||
008250530e20250814oncbd   obs  f000 0 eng d
020 |a9780660775241
040 |aCaOODSP|beng|erda|cCaOODSP
043 |an-cn---
0861 |aCS91-0015/27E-PDF
1001 |aGalbraith, Nora, |eauthor.
24510|aUnpacking Canada’s multigenerational households : |ba look at the people who call them home / |cby Nora Galbraith and Nadine Laflamme.
264 1|a[Ottawa] : |bStatistics Canada = Statistique Canada, |cAugust 14, 2025.
264 4|c©2025
300 |a1 online resource (25 pages) : |bmaps, graphs.
336 |atext|btxt|2rdacontent
337 |acomputer|bc|2rdamedia
338 |aonline resource|bcr|2rdacarrier
4901 |aDemographic documents, |x1205-996X ; |vNo. 2025003
500 |aCover title.
500 |aIssued also in French under title: Comprendre les ménages multigénérationnels au Canada : portrait de ceux qui en font partie.
504 |aIncludes bibliographical references.
520 |a"This study uses data from the 2021 Census of Population to describe the demographic and socioeconomic characteristics of persons living in households composed of three or more generations of the same family. Distinctions in these characteristics by generation (youngest, middle or oldest) are also examined"--Provided by publisher.
650 0|aHouseholds|zCanada|vStatistics.
655 7|aStatistics|2lcgft
7102 |aStatistics Canada. |bDemography Division, |eissuing body.
77508|tComprendre les ménages multigénérationnels au Canada : |w(CaOODSP)9.951610
830#0|aDemographic documents,|x1205-996X ;|vNo. 2025003.|w(CaOODSP)9.504807
85640|qPDF|s716 KB|uhttps://publications.gc.ca/collections/collection_2025/statcan/91f0015m2025003-eng.pdf
8564 |qHTML|sN/A|uhttps://www150.statcan.gc.ca/n1/pub/91f0015m/91f0015m2025003-eng.htm